[Event "Rotterdam Pathena op"]
[Site "Rotterdam"]
[Date "2015.05.08"]
[Round "7"]
[White "Gajadhor Sukul, Vashish"]
[Black "Sandifort, Jerry"]
[Result "1-0"]
[WhiteElo "1596"]
[BlackElo "1360"]
[PlyCount "61"]
[EventDate "2015.05.02"]
[EventType "swiss"]
[EventRounds "7"]
[EventCountry "NED"]
[SourceTitle "CBM 166 Extra"]
[Source "ChessBase"]
[SourceDate "2015.06.18"]
[SourceVersion "1"]
[SourceVersionDate "2015.06.18"]
[SourceQuality "1"]

1. e4 e5 2. f4 Qh4+ 3. g3 Qf6 4. Nf3 exf4 5. d4 fxg3 6. hxg3 d6 7. Bc4 Bg4 8. 0-0 Nc6 9. Nc3 0-0-0 10. Bg5 Bxf3 11. Bxf6 Bxd1 12. Bxd8 Kxd8 13. Raxd1 f6 14. e5 Be7 15. exd6 Bxd6 16. Ne4 Nh6 17. Nxd6 cxd6 18. Be6 Ne7 19. c4 g6 20. Rxf6 Nhf5 21. g4 Ng7 22. Rdf1 Nxe6 23. Rxe6 Nc6 24. Rf7 Kc8 25. Rxd6 h5 26. Rxg6 Nxd4 27. gxh5 Nc6 28. Rg5 Rh6 29. Rg8+ Nd8 30. Rff8 Rd6 31. Rxd8+ 1-0

[Event "Rotterdam Pathena op"]
[Site "Rotterdam"]
[Date "2015.05.06"]
[Round "5"]
[White "Gajadhor Sukul, Vashish"]
[Black "Ganguly, Sumit"]
[Result "0-1"]
[WhiteElo "1596"]
[BlackElo "1642"]
[PlyCount "69"]
[EventDate "2015.05.02"]
[EventType "swiss"]
[EventRounds "7"]
[EventCountry "NED"]
[SourceTitle "CBM 166 Extra"]
[Source "ChessBase"]
[SourceDate "2015.06.18"]
[SourceVersion "1"]
[SourceVersionDate "2015.06.18"]
[SourceQuality "1"]

1. d4 d5 2. c4 e6 3. Nc3 Nf6 4. g3 Bb4 5. e3 0-0 6. Bg2 Nbd7 7. Bd2 dxc4 8. Nf3 c5 9. 0-0 Re8 10. Qe2 Bxc3 11. Bxc3 b5 12. Ne5 Nd5 13. Rfd1 Nxe5 14. dxe5 Bb7 15. Be1 Qc7 16. f4 Nb4 17. Bxb4 cxb4 18. e4 Rad8 19. Qe1 Qc5+ 20. Qf2 Qxf2+ 21. Kxf2 Kf8 22. Ke3 Ke7 23. Bf1 a6 24. Bg2 Bc6 25. a3 bxa3 26. Rxd8 Rxd8 27. Rxa3 Bb7 28. Rc3 Kd7 29. Bf3 Kc6 30. Be2 Kc5 31. Bd3 Rxd3+ 32. Rxd3 cxd3 33. Kxd3 Kb4 34. f5 Kb3 35. Ke2 0-1